My hidden God/ (Record no. 160543)

MARC details
000 -LEADER
fixed length control field 00561nam a22001817a 4500
005 - DATE AND TIME OF LATEST TRANSACTION
control field 20190213121101.0
010 ## - LCCN (DPL NO)
LC control number ENG-124726
020 ## - INTERNATIONAL STANDARD BOOK NUMBER
International Standard Book Number 9789386191885
Terms of availability 250.00
035 ## - SYSTEM CONTROL NUMBER
System control number EN-108258
037 ## - SOURCE OF ACQUISITION
Source of stock number/acquisition DBAD/PUB
082 ## - DEWEY DECIMAL CLASSIFICATION NUMBER
Classification number N
100 ## - MAIN ENTRY--PERSONAL NAME
Personal name Mohamed Al Marzooqi
245 ## - TITLE STATEMENT
Title My hidden God/
Statement of responsibility, etc by Mohamed Al Marzooqi
260 ## - PUBLICATION, DISTRIBUTION, ETC. (IMPRINT)
Place of publication, distribution, etc New Delhi
Name of publisher, distributor, etc LiFi Publication Pvt. Ltd
Date of publication, distribution, etc 2018
270 ## - ADDRESS
Address 211, 2nd Floor, Gagandeep 12, Rajendra Place
City New Delhi
Postal code 110008
Telephone number 011-25741000
Electronic mail address info@lifipublications.com
300 ## - PHYSICAL DESCRIPTION
Extent 175p.
Dimensions 19cm(pbk)
942 ## - ADDED ENTRY ELEMENTS (KOHA)
Source of classification or shelving scheme Dewey Decimal Classification
Item type English Books
Classification part N
Call number suffix MOH
Holdings
Withdrawn status Lost status Not for loan Collection code Home library Current library Date acquired Source of acquisition Cost, normal purchase price Full call number Barcode Copy number Cost, replacement price Koha item type
    Not For Loan Fiction D.B.Act.Division Patel Nagar 04/02/2019 DBAD/PUB 250.00 N MOH EN-108258 1 250.00 English Books

© Delhi Public Library
Hit Counter
free hit counter